Statistics for FIFA Ballon D'or 2010 - Nominees

Click here to take the quiz!

General Stats

  • This quiz has been taken 270 times
  • The average score is 17 of 23

Answer Stats

Rank:Nationality:Player:% Correct
1ArgentinaLionel Messi
100%
3SpainXavi
98%
2SpainAndrés Iniesta
97%
6PortugalCristiano Ronaldo
97%
9Ivory CoastDidier Drogba
92%
5UruguayDiego Forlán
87%
12CameroonSamuel Eto'o
87%
14NetherlandsArjen Robben
86%
8SpainDavid Villa
83%
15GermanyThomas Müller
83%
7SpainIker Casillas
82%
4NetherlandsWesley Sneijder
78%
11SpainCarles Puyol
73%
21GermanyMiroslav Klose
69%
22GermanyPhilipp Lahm
69%
16GermanyBastian Schweinsteiger
58%
10SpainXabi Alonso
56%
20SpainCesc Fàbregas
50%
13GermanyMesut Özil
48%
23BrazilDani Alves
44%
18GhanaAsamoah Gyan
39%
17BrazilMaicon
38%
19BrazilJúlio César
36%

Score Distribution

Percentile by Number Answered

Percent of People with Each Score

Your Score History

You have not taken this quiz